A wedding-ring fit for the finger, or, The salve of divinity on the sore of humanity : laid open in a sermon at a wedding in St. Edmonds /

Bibliographic Details
Main Author: Secker, William, -1681?
Format: Microform Book
Language:English
Series:Early English books, 1641-1700 ; 616:6.
Subjects:

MARC

Tag First Indicator Second Indicator Subfields
LEADER 00000cam a2200000 a 4500
001 in00000950430
005 20150926131321.0
007 hd afv|||baca
008 850702s1700 miu a 00010 eng d
035 |a (OCoLC)12226609 
035 |9 AET7079AM 
037 |a CL0037000017  |b UMI 
037 |b University Microfilms International, 300 N. Zeeb Rd., Ann Arbor, MI 48106 
040 |a EAA  |c EAA  |d m/c  |d UtOrBLW 
049 |a TXAI 
099 |a film   |a  B   |a  3609 
100 1 |a Secker, William,  |d -1681? 
245 1 2 |a A wedding-ring fit for the finger, or, The salve of divinity on the sore of humanity :  |b laid open in a sermon at a wedding in St. Edmonds /  |c by William Secker ... 
264 3 |a London :  |b Printed by T.J. and sold by Ann Baldwin ...,  |c 1700. 
300 |a 48 pages 
336 |a text  |b txt  |2 rdacontent 
337 |a microform  |b h  |2 rdamedia 
338 |a microfilm reel  |b hd  |2 rdacarrier 
500 |a Reproduction of original in University of Illinois Library. 
510 4 |a Wing  |c S2254A 
533 |a Microfilm.  |b Ann Arbor, Mich. :  |c University Microfilms,  |d 1976.  |e 1 microfilm reel ; 35 mm.  |f (Early English books, 1641-1700; 616:6) 
500 |a Microform. 
650 0 |a Marriage  |v Sermons. 
650 0 |a Sermons, English  |y 17th century. 
740 4 |a The salve of divinity on the sore of humanity. 
830 0 |a Early English books, 1641-1700 ;  |v 616:6. 
999 |a MARS 
999 f f |s 71a4465b-95ce-36c6-ae9f-518bef26e1e2  |i 7208d5e7-5e41-3945-b24e-550d9c655580  |t 0 
952 f f |p default  |a Texas A&M University  |b College Station  |c Sterling C. Evans Library  |d Evans: Microforms (3rd floor)  |t 0  |e film B 3609 616:6  |h Other scheme  |i microform -- microfilm reel 
998 f f |a film B 3609 616:6  |t 0  |l Evans: Microforms (3rd floor)